000 00291nam a2200121Ia 4500
008 220216s9999 xx 000 0 und d
100 _aGuest C L
245 0 _aOutline of factory control
260 _bIRI Transactions
_c1930
300 _a170-183
650 _aFactory control
942 _cJS
999 _c64505
_d64505